Vista normal Vista MARC

Entrada Nombre personal

Número de registros utilizados en: 3

001 - NÚMERO DE CONTROL

  • Campo de control: 38765

003 - IDENTIFICADOR DE NÚMERO DE CONTROL

  • Campo de control: OSt

005 - FECHA Y HORA DE LA ULTIMA MODIFICACION

  • Campo de control: 20210218105013.0

008 - ELEMENTOS DE DATOS DE LONGITUD FIJA

  • Campo de longitud fija: 160225|| aca||aabn | a|a d

040 ## - FUENTE DE LA CATALOGACIÓN

  • Agencia original de catalogación: OSt

100 1# - ENCABEZAMIENTO--NOMBRE DE PERSONA

  • Nombre personal: Castillo Flores, Carlos Alfredo

400 1# - TRAZADO VEÁSE--NOMBRE DE PERSONA

  • Nombre personal: Castillo, Alfredo

400 1# - TRAZADO VEÁSE--NOMBRE DE PERSONA

  • Nombre personal: Flores, Carlos

670 ## - FUENTE DE DATOS ENCONTRADOS

  • Fuente de citación: Tesis, Propuesta de un sistema de control administrativo financiero y mecanización de un sistema contable para las asociaciones cooperativas de ahorro y crédito de la zona occidental de El Salvador

670 ## - FUENTE DE DATOS ENCONTRADOS

  • Fuente de citación: BMC -25-02-2016